|
|
|
|
| LEADER |
00000ncm a2200000 a 4500 |
| 001 |
vtls008956293 |
| 003 |
SK-MaSNL |
| 005 |
20260331205327.0 |
| 007 |
qu |
| 008 |
070316s2006 xo zzzff s z slo |
| 015 |
|
|
|a SNBH2008/03-01264
|
| 020 |
|
|
|a 8088884748 (brož.)
|
| 028 |
0 |
1 |
|a HC 0603
|b Hudobné centrum
|
| 040 |
|
|
|a SNK
|b slo
|c SNK
|e AACR2
|
| 041 |
|
|
|a lat
|
| 044 |
|
|
|a xo
|c SK
|
| 072 |
|
7 |
|a 783
|x Cirkevná hudba. Duchovná hudba. Náboženská hudba
|2 konspekt
|
| 080 |
|
|
|a 783.6
|2 2001
|
| 080 |
|
|
|a 783.7
|2 2001
|
| 080 |
|
|
|a (0.027)
|2 2001
|
| 080 |
|
|
|a 78.089.6
|2 2001
|
| 080 |
|
|
|a 784
|2 2001
|
| 080 |
|
|
|a 78.034.3/.6
|2 2001
|
| 084 |
|
|
|a 2.2.1
|2 snlmc
|
| 100 |
1 |
|
|a Handl, Jacob,
|d 1550-1591
|4 cmp
|9 102691
|
| 245 |
1 |
0 |
|a Angeli laetantur de mirando
|h hudobnina
|c Iacobus Gallus ; editor: Elena Kmeťová
|
| 250 |
|
|
|a 1. vyd.
|
| 254 |
|
|
|a Moteto
|
| 260 |
|
|
|a Bratislava
|b Hudobné centrum
|c 2006
|
| 300 |
|
|
|a 39 s.
|b text, partitúra
|c 30 cm
|
| 490 |
1 |
|
|a Monumenta Musicae Slovacae
|
| 500 |
|
|
|a Úvodný text a rev. správa angl. a nem
|
| 650 |
0 |
7 |
|a duchovná hudba
|2 SNKPH
|9 1749
|
| 650 |
0 |
7 |
|a evanjelické piesne
|2 SNKPH
|9 66584
|
| 650 |
0 |
7 |
|a renesančná hudba
|2 SNKPH
|9 81794
|
| 650 |
0 |
7 |
|a motetá
|2 SNKPH
|9 3439
|
| 655 |
|
7 |
|a partitúry
|2 SNKPH
|9 70123
|
| 655 |
|
7 |
|a kritické vydania
|2 SNKPH
|9 101217
|
| 700 |
1 |
|
|a Kmeťová, Elena
|4 edt
|9 568351
|
| 830 |
|
0 |
|a Monumenta Musicae Slovacae
|9 476276
|
| 919 |
|
|
|a 80-88884-74-8
|
| 958 |
|
|
|a NT
|
| 999 |
|
|
|c 1083840
|d 1085770
|
| 952 |
|
|
|a SNK
|b SNK
|y PREZ
|7 0
|p 17A0544897
|o snkHSB 4088
|i snk2007/7610
|8 0
|0 0
|1 0
|4 0
|d 2007-03-16
|l 0
|r 2026-02-24 16:33:03
|w 2026-02-24
|
| 952 |
|
|
|a SNK
|b SNK
|y VYP
|7 0
|p 17A0544896
|o snkHSB 4088 D1
|i snk2007/7611
|8 0
|0 0
|1 0
|4 0
|d 2007-03-16
|l 0
|r 2026-02-24 16:33:03
|w 2026-02-24
|